000 00556cam a2200181 4500
001 ##L134231
008 060718n1961 000 0 eng u
035 _a(Sirsi) u134231
041 0 _aeng
050 0 4 _a333.0062 $2 18
110 2 _aRoyal Institution of Chartered Surveyors
_94900
245 0 0 _aScale of professional charges for quantity surveying services
260 _aLondon
_bRICS
_c1961
300 _a15p.
_c22cm.
520 _aScale no. 36.
690 _aABOUT RICS-RICS MEMBERS-CHARTERED SURVEYORS-CHARTERED QUANTITY SURVEYORS
942 _n0
999 _c105606
_d105606